New Headway English Course: Intermediate. Student's Book

Détails bibliographiques
Auteur principal: Soars L. Lis
Autres auteurs: Soars J. John
Langue:anglais
Publié: Oxford, Oxford University Press, 2000
Sujets:
Format: MixedMaterials Livre
KOHA link:https://koha.lib.tpu.ru/cgi-bin/koha/opac-detail.pl?biblionumber=377800

MARC

LEADER 00000nam0a2200000 4500
001 377800
005 20231101053430.0
010 |a 0194702235 
035 |a (RuTPU)RU\TPU\retro\35253 
035 |a RU\TPU\book\24889 
090 |a 377800 
100 |a 20230406d2000 m y0engy50 ba 
101 0 |a eng 
102 |a GB 
105 |a a j 000zy 
200 1 |a New Headway English Course  |e Intermediate. Student's Book  |f L. Soars, J. Soars 
210 |a Oxford  |c Oxford University Press  |d 2000 
215 |a 160 p.  |c il.  |e Приложение: 2 кассеты. 
610 1 |a английский язык 
610 1 |a учебные пособия 
610 1 |a лексика 
610 1 |a грамматика 
610 1 |a кассеты 
686 |a Ш143.21-923  |v LBC/SL-A  |2 rubbk 
700 1 |a Soars  |b L.  |g Lis 
701 1 |a Soars  |b J.  |g John 
801 0 |a XX  |b 63413507  |c 20011209  |g PSBO 
801 2 |a RU  |b 63413507  |c 20230615  |g PSBO 
942 |c BK